00474nam a22001577a 450000500170000001000150001702000260003203500140005803700130007208200100008510000110009524500690010626000450017527000760022030000200029620231130142007.0 aENG-133722 a9788194915492c750.00 aEN-117254 bDBAD/PUB a305.4 aUsha,P aEmpowering Strategy For Adolescent Tribal Girls/cby Dr. P. Usha aDarya Ganj bUday Publishing Housec2021 a4648/21, Ansari Road bNew Delhie110002mudaypublishinghouse@gmail.com a177p.c21cm(HB)